[Event "Politiken Cup 2012"]
[Site "Helsingor DEN"]
[Date "2012.07.29"]
[Round "2.5"]
[White "Nielsen,JanM"]
[Black "Salgado Lopez,I"]
[Result "0-1"]
[WhiteElo "2130"]
[BlackElo "2635"]

1.e4 c5 2.Nf3 Nc6 3.d4 cxd4 4.Nxd4 Nf6 5.Nc3 d6 6.Bg5 e6 7.Be2 Be7 8.O-O h6
9.Be3 Bd7 10.Ndb5 Qb8 11.a4 O-O 12.f4 Rd8 13.Bf3 Nb4 14.Qd2 e5 15.fxe5 dxe5
16.Qf2 a6 17.Na3 Be6 18.Qg3 Kh7 19.Be2 Qc7 20.Rf2 Rac8 21.Raf1 Bc5 22.Kh1 Bxe3
23.Qxe3 Qc5 24.Qc1 Qd4 25.Rxf6 gxf6 26.Rxf6 Qd2 27.Qf1 Kg7 28.h4 Nxc2 29.Nxc2 Qxc2
30.Bh5 Rd7 31.Kh2 Qd3 32.Qf2 Qd2 33.Qf1 Rcc7 34.Nd5 Bxd5 35.exd5 Qd4 36.Kh3 e4  0-1

[Event "Open ch-MKD 2012"]
[Site "Struga MKD"]
[Date "2012.08.04"]
[Round "1.4"]
[White "Lazov,Toni"]
[Black "Dancevski,O"]
[Result "0-1"]
[WhiteElo "1838"]
[BlackElo "2388"]

1.e4 c5 2.Nf3 d6 3.d4 cxd4 4.Nxd4 Nf6 5.Nc3 Nc6 6.Bg5 e6 7.Qd2 a6 8.O-O-O h6
9.Be3 Be7 10.f3 Nxd4 11.Bxd4 e5 12.Be3 Be6 13.Kb1 Rc8 14.g4 Qa5 15.Nd5 Qxd2
16.Nxf6+ Bxf6 17.Rxd2 Rc6 18.b3 Bg5 19.Rd3 Bxe3 20.Rxe3 b5 21.h4 Ke7 22.Bd3 f6
23.Rg1 Rc5 24.Re2 a5 25.Kb2 b4 26.Reg2 Rc3 27.Rd2 Rhc8 28.Be2 a4 29.g5 a3+
30.Kb1 fxg5 31.hxg5 h5 32.f4 exf4 33.Bxh5 R8c5 34.Bd1 Bh3 35.Rf2 Rg3 36.Rh1 Rcxg5
37.Rxf4 Rg1 38.Rxg1 Rxg1 39.Kc1 g5 40.Rf2 Bg4 41.Rd2 Bf3 42.Rd3 g4  0-1

[Event "Open ch-MKD 2012"]
[Site "Struga MKD"]
[Date "2012.08.04"]
[Round "1.1"]
[White "Stanojoski,Z"]
[Black "Nikolovski,Nikola"]
[Result "1/2-1/2"]
[WhiteElo "2461"]
[BlackElo "1917"]

1.e4 c5 2.Nf3 d6 3.d4 cxd4 4.Nxd4 Nf6 5.Nc3 Nc6 6.Bg5 e6 7.Qd2 a6 8.O-O-O h6
9.Nxc6 bxc6 10.Bf4 d5 11.Qe3 Bb7 12.Be2 Qa5 13.Qg3 O-O-O 14.exd5 cxd5 15.Be5 Nd7
16.Bd6 Bxd6 17.Qxd6 Nc5 18.Qf4 f6 19.a3 Rd7 20.Bf3 Rhd8 21.Ne2 e5 22.Qb4 Qxb4
23.axb4 Ne6 24.Bg4 Rd6 25.f4 Kc7 26.fxe5 fxe5 27.Rhe1 Re8 28.Bh5 Rf8 29.Nc3 e4
30.Bg4 Nf4 31.g3 h5 32.Be2 Ng2 33.Rf1 Rxf1 34.Rxf1 d4 35.Rf7+ Kb8 36.Na4 d3
37.cxd3 exd3 38.Rxb7+ Kxb7 39.Bf3+ Ka7 40.Bxg2 d2+ 41.Kd1 Rf6 42.Bd5 Rf2
43.h4 Rf1+ 44.Kxd2 Rg1 45.Bf7 Rg2+ 46.Kc1 Rxg3 47.Bxh5 Rh3 48.Be8 Rxh4 49.b5 axb5
50.Bxb5 Rb4 51.Nc3 g5 52.Bd3 Kb7 53.Ne2 Kc6 54.Kc2 Kd5 55.Kc3 Rb8 56.b4 g4
57.b5 Kc5 58.Kd2 Rxb5 59.Bxb5 Kxb5  1/2-1/2

[Event "CECLUB Div1 Final Ascenso 2012"]
[Site "Don Benito ESP"]
[Date "2012.08.05"]
[Round "2.2"]
[White "Korneev,O"]
[Black "Almagro Llamas,P"]
[Result "1-0"]
[WhiteElo "2581"]
[BlackElo "2465"]

1.e4 c5 2.Nf3 d6 3.d4 cxd4 4.Nxd4 Nf6 5.Nc3 Nc6 6.Bg5 Qb6 7.Nb3 e6 8.Bf4 Ne5
9.Be3 Qc7 10.f4 Nc6 11.Qf3 a6 12.O-O-O b5 13.g4 Bb7 14.g5 Nd7 15.Kb1 Rc8
16.Qf2 Na5 17.Nxa5 Qxa5 18.Bg2 Rxc3 19.Qe1 h6 20.h4 hxg5 21.hxg5 Ra3 22.bxa3 Rxh1
23.Bxh1 Qxa3 24.Rd3 Qa4 25.Rd4 Qa3 26.Rd3 Qa4 27.Qc3 b4 28.Qc7 Qc6 29.Qxc6 Bxc6
30.a3 bxa3 31.Rxa3 Bb5 32.Rc3 Kd8 33.Bf3 Be7 34.Kc1 g6 35.Kd1 f6 36.Be2 fxg5
37.fxg5 Bxe2+ 38.Kxe2 Ne5 39.Bb6+ Ke8 40.Rc8+ Kf7 41.Be3 d5 42.Rc7 Ke8 43.exd5 exd5
44.Ra7 Nc6 45.Rxa6 Nb4 46.Re6 d4  1-0

[Event "38th Badalona Open A"]
[Site "Badalona ESP"]
[Date "2012.08.06"]
[Round "6.7"]
[White "Lorenzo de la Riva,L"]
[Black "Obregon Rivero,J"]
[Result "1/2-1/2"]
[WhiteElo "2444"]
[BlackElo "2497"]

1.e4 c5 2.Nf3 d6 3.d4 cxd4 4.Nxd4 Nf6 5.Nc3 Nc6 6.Bg5 Bd7 7.Qd2 h6 8.Bxf6 gxf6
9.f4 Nxd4 10.Qxd4 Qa5 11.O-O-O Rc8 12.Kb1 Qc5 13.Qd2 e6 14.Bd3 b5 15.f5 b4
16.Ne2 e5 17.c3 Rb8 18.cxb4 Qxb4 19.Qxb4 Rxb4 20.Nc3 Bc6 21.a3 Rb8 22.Bc4 Be7
23.Bd5 Bd7 24.Ka2 Rg8 25.g3 Kf8 26.b4 Kg7 27.Rc1 Rgc8 28.Nb1 Bd8 29.Nd2 Kf8
30.Rxc8 Rxc8 31.Kb2 Ke7 32.Rc1 Rxc1 33.Kxc1 Bb6 34.Kc2 Be3 35.Kd3 Bd4 36.Nb1 Bg1
37.h3 Bf2 38.g4 Bd4 39.Nc3 Be8 40.Kc4 Kd8 41.Kb3 Kc7 42.Ne2 Bf2 43.a4 Be1
44.Nc1 a6 45.Nd3 Bd2 46.Nb2 Be1 47.Nc4 Bf2 48.Na3 Bg1 49.Nb1 Bf2 50.Nc3 Be1
51.a5 Bd2 52.Bc4 Kb7 53.Nd5 Bg5 54.Ne7 Bh4 55.Nd5 Bg5 56.Nc3 Bd2 57.Kc2 Be1
58.Kd3 Bxc3 59.Kxc3 Bc6 60.Kd3 Bb5 61.Bxb5 axb5 62.Ke3 Kc6 63.Kf3 d5 64.exd5+ Kxd5
65.Kg3 Kc6 66.Kh4 Kb7 67.Kg3 Kc6 68.h4 Kd6 69.Kf3 Kc6 70.Ke4 Kd6 71.a6 Kc7
72.g5 fxg5 73.hxg5 hxg5 74.Kxe5 f6+ 75.Kxf6 g4 76.a7 Kb7 77.Ke5 g3 78.f6 g2
79.a8=Q+ Kxa8 80.f7 g1=Q 81.f8=Q+ Kb7 82.Qe7+ Kb6  1/2-1/2

[Event "Olomouc Summer Open"]
[Site "Olomouc CZE"]
[Date "2012.08.06"]
[Round "6.15"]
[White "Schulz,Je"]
[Black "Kubik,M"]
[Result "1/2-1/2"]
[WhiteElo "2263"]
[BlackElo "2134"]

1.e4 c5 2.Nf3 Nc6 3.d4 cxd4 4.Nxd4 Nf6 5.Nc3 d6 6.Bg5 e6 7.Qd2 a6 8.O-O-O Bd7
9.f3 h6 10.Be3 b5 11.Nxc6 Bxc6 12.Ne2 Bb7 13.Rg1 Qc7 14.Nd4 e5 15.Nb3 d5
16.Na5 d4 17.Bf2 Rc8 18.Nxb7 Bb4 19.Qe2 Qxb7 20.Kb1 O-O 21.g4 Rc4 22.g5 hxg5
23.Rxg5 Rfc8 24.Rc1 Qe7 25.Bh4 Bc3 26.Rxg7+ Kxg7 27.Qg2+ Kf8 28.Qg5 R4c6
29.bxc3 Qa3 30.cxd4 Qb4+ 31.Ka1 Qc3+ 32.Kb1 Qb4+ 33.Ka1 Qc3+ 34.Kb1 Qxd4
35.c3 Rxc3 36.Qh6+ Kg8 37.Qg5+ Kf8  1/2-1/2

[Event "Euro Chess Tournament GpA 2012"]
[Site "Borne NED"]
[Date "2012.08.07"]
[Round "3"]
[White "Senders,Justin"]
[Black "Van Osch,Mees"]
[Result "0-1"]
[WhiteElo "1913"]
[BlackElo "2071"]

1.e4 c5 2.Nf3 d6 3.d4 cxd4 4.Nxd4 Nf6 5.Nc3 Nc6 6.Bg5 Bd7 7.Qd2 Rc8 8.O-O-O Nxd4
9.Qxd4 Qa5 10.Bd2 a6 11.Kb1 Qc5 12.Qxc5 Rxc5 13.f3 g6 14.Be3 Rc8 15.Bd4 Bg7
16.Nd5 Nh5 17.Bxg7 Nxg7 18.Nb6 Rc5 19.Nxd7 Kxd7 20.g3 h5 21.h4 Rd8 22.Rh2 f5
23.Re2 e6 24.Red2 Ke7 25.Bg2 fxe4 26.fxe4 Ne8 27.Re2 Re5 28.Rde1 Nf6 29.c3 Ng4
30.Bf3 Rf8 31.Bxg4 hxg4 32.Kc2 Rf3 33.Re3 d5 34.Kd2 dxe4 35.Rxe4 Rxe4 36.Rxe4 Rxg3
37.Kc2 Kf6 38.Rb4 Rg2+ 39.Kd3 b5 40.Ke3 e5 41.a4 bxa4 42.Rxa4 Kf5 43.Rxa6 Rxb2
44.Ra1 g3 45.Kf3 g2 46.c4 Rc2 47.c5 e4+ 48.Kg3 Rxc5 49.Kxg2 Rc2+ 50.Kg3 Rc3+
51.Kg2 Rc2+ 52.Kg3 Rc3+ 53.Kg2 Kf4 54.Ra2 Rg3+ 55.Kh2 e3 56.Ra8 e2 57.Ra4+ Kf3
58.Ra3+ Kf2 59.Rxg3 e1=Q 60.Rg2+ Kf3 61.Rxg6 Qxh4+ 62.Kg1 Qe1+ 63.Kh2 Qe5+
64.Kg1 Qc5+  0-1

[Event "38th Badalona Open A"]
[Site "Badalona ESP"]
[Date "2012.08.09"]
[Round "9.8"]
[White "Alarcon Casellas,Rol"]
[Black "Larduet Despaigne,C"]
[Result "0-1"]
[WhiteElo "2471"]
[BlackElo "2370"]

1.e4 c5 2.Nf3 d6 3.d4 cxd4 4.Nxd4 Nf6 5.Nc3 Nc6 6.Bg5 e6 7.Qd2 Be7 8.O-O-O O-O
9.f3 Nxd4 10.Qxd4 a6 11.h4 b5 12.Kb1 Bb7 13.Qd2 Rc8 14.Bd3 Nd7 15.g4 Ne5
16.Bxe7 Qxe7 17.Qe3 Qc7 18.g5 b4 19.Ne2 d5 20.h5 dxe4 21.fxe4 Nc4 22.Qc1 Qe5
23.Rh4 a5 24.h6 g6 25.Ng1 a4 26.Nf3 Qg3 27.Rf4 e5 28.Rf6 b3 29.Rf1 Qh3 30.a3 bxc2+
31.Ka2 Qd7 32.Bxc4 Rxc4 33.Nxe5 Qd4 34.Nxc4 Qxc4+ 35.Ka1 Bxe4 36.Rg1 Qd3  0-1

[Event "XIII Miquel Mas Open"]
[Site "Figueres ESP"]
[Date "2012.08.09"]
[Round "1.14"]
[White "Pinsach Gelabert,A"]
[Black "Antoli Royo,J"]
[Result "0-1"]
[WhiteElo "1992"]
[BlackElo "2398"]

1.e4 c5 2.Nf3 Nc6 3.d4 cxd4 4.Nxd4 Nf6 5.Nc3 d6 6.Bg5 Bd7 7.Be2 Qa5 8.Bxf6 gxf6
9.Nb3 Qg5 10.g3 f5 11.f4 Qg7 12.Bf3 fxe4 13.Bxe4 O-O-O 14.Qe2 e6 15.O-O-O d5
16.Bg2 Kb8 17.Kb1 h5 18.f5 h4 19.Bh3 hxg3 20.hxg3 Rh6 21.Qf2 Bd6 22.Ne2 Ne5
23.Nc5 Bc8 24.fxe6 fxe6 25.Nf4 Nc4 26.Ncd3 e5 27.Bxc8 exf4 28.Rxh6 Qxh6 29.Bg4 Ne3
30.Nxf4 Nxg4 31.Qf3 Ne5 32.Qxd5 Bc7 33.Qh1 Qxh1 34.Rxh1 Rg8 35.b3 Nc6 36.Nh5 Be5
37.Rh3 Rd8 38.Rh1 Rg8 39.Rh3 Nd4 40.Nf4 Nb5 41.Rh5 Re8 42.Nd3 Nc3+ 43.Kb2 Bd4
44.g4 Re2 45.g5 Rg2 46.Ne1 Nb5+ 47.Kc1 Rg1 48.g6 Bc3  0-1

[Event "113th US Open 2012"]
[Site "Vancouver USA"]
[Date "2012.08.09"]
[Round "4"]
[White "High,David L"]
[Black "Rea,A"]
[Result "1/2-1/2"]
[WhiteElo "1927"]
[BlackElo "2141"]

1.e4 d6 2.d4 c5 3.Nf3 Nf6 4.Nc3 cxd4 5.Nxd4 Nc6 6.Bg5 Qa5 7.Bxf6 gxf6 8.Nb3 Qd8
9.Qh5 Be6 10.O-O-O Bxb3 11.axb3 Qa5 12.Nd5 Rc8 13.Kb1 Qc5 14.Bb5 a6 15.Qg4 Kd8
16.Bxc6 bxc6 17.Ne3 h5 18.Qf5 Qxf5 19.Nxf5 Kc7 20.Rhe1 e6 21.Nd4 Rg8 22.g3 Be7
23.c3 Rb8 24.b4 a5 25.bxa5 Rg5 26.Kc2 Rxa5 27.Ra1 Rba8 28.Rxa5  1/2-1/2

[Event "113th US Open 2012"]
[Site "Vancouver USA"]
[Date "2012.08.09"]
[Round "6"]
[White "Gay,D"]
[Black "Gurevich,D"]
[Result "0-1"]
[WhiteElo "2111"]
[BlackElo "2468"]

1.e4 c5 2.Nf3 d6 3.d4 cxd4 4.Nxd4 Nf6 5.Nc3 Nc6 6.Bg5 e6 7.Qd2 Be7 8.Nb3 O-O
9.O-O-O Qb6 10.f4 h6 11.Bh4 Nxe4 12.Nxe4 Bxh4 13.Nxd6 Rd8 14.Qe2 Qc7 15.Nxc8 Raxc8
16.Kb1 Nb4 17.Rxd8+ Bxd8 18.c3 Nd5 19.g3 Bf6 20.Bg2 a6 21.f5 Qb6 22.fxe6 fxe6
23.Re1 Nc7 24.Qe4 Rb8 25.c4 a5 26.c5 Qb5 27.Bf1 Qd7 28.Qd3 Qxd3+ 29.Bxd3 a4
30.Nc1 Rd8 31.Bc4 Kf8 32.Kc2 Rd4 33.Bxe6 Nxe6 34.Rxe6 Rc4+ 35.Kb1 Rxc5 36.Rb6 Rd5
37.Kc2 Rc5+ 38.Kb1 Rf5 39.Nd3 Rf1+ 40.Kc2 Rh1 41.Nf4 Rxh2+ 42.Kb1 Rh1+ 43.Kc2 Rh2+
44.Kb1 Rf2 45.Rxb7 Rf3 46.Rb4 Rxg3 47.Rxa4 Rf3 48.Ne2 h5 49.Nf4 Rf1+ 50.Kc2 Rh1
51.Kd3 h4 52.Ke2 h3 53.Kf3 Rf1+ 54.Kg3 Be5  0-1

[Event "16th HZ Open"]
[Site "Vlissingen NED"]
[Date "2012.08.09"]
[Round "7"]
[White "Haslinger,S"]
[Black "Jerez Perez,A"]
[Result "1-0"]
[WhiteElo "2524"]
[BlackElo "2412"]

1.e4 c5 2.Nf3 d6 3.d4 Nf6 4.Nc3 cxd4 5.Nxd4 Nc6 6.Bg5 Bd7 7.Qd2 Rc8 8.f4 Ng4
9.Nxc6 Rxc6 10.Bb5 Rc8 11.Bxd7+ Qxd7 12.h3 Nf6 13.O-O-O Qc6 14.e5 dxe5 15.fxe5 Nd7
16.e6 fxe6 17.Rhf1 Nf6 18.g4 b5 19.Be3 g5 20.Bxg5 Bg7 21.Bxf6 Bxf6 22.g5 Bxc3
23.bxc3 Rf8 24.Rxf8+ Kxf8 25.Kb2 Kg8 26.Rg1 Qc5 27.Rg4 Qe5 28.Qd3 a5 29.Re4 Qf5
30.a3 Kf7 31.Qe3 Qc5 32.Qf3+ Kg8 33.h4 Qd5 34.Qe3 Rc4 35.Re5 Qb7 36.Rxe6 b4
37.cxb4 axb4 38.a4 Qc8 39.Rxe7 Rxc2+ 40.Kb1 Qf5 41.Re8+ Kg7 42.Qe7+ Kg6 43.Qe6+  1-0

[Event "XIII Miquel Mas Open"]
[Site "Figueres ESP"]
[Date "2012.08.10"]
[Round "2.2"]
[White "Aroshidze,L"]
[Black "Vishnu,P"]
[Result "1/2-1/2"]
[WhiteElo "2568"]
[BlackElo "2435"]

1.e4 c5 2.Nf3 d6 3.d4 cxd4 4.Nxd4 Nf6 5.Nc3 Nc6 6.Bg5 g6 7.Bxf6 exf6 8.Bc4 Bg7
9.Ndb5 O-O 10.Qxd6 f5 11.O-O-O Qb6 12.Nd5 Qxf2 13.Nf6+ Kh8 14.Nc7 Rb8 15.Nfe8 Qe3+
16.Kb1 Qxe4 17.Nxg7 Kxg7 18.Rhe1 Qxc4 19.Ne8+ Rxe8 20.Rxe8 Be6 21.Qf8+ Kf6
22.Rxb8 Qxa2+ 23.Kc1 Nxb8 24.Qxb8 Qa1+ 25.Kd2 Qa5+ 26.Kc1 Qa1+ 27.Kd2 Qa5+  1/2-1/2

[Event "113th US Open 2012"]
[Site "Vancouver USA"]
[Date "2012.08.11"]
[Round "8"]
[White "Yan,Gaibo"]
[Black "Vibbert,Sean"]
[Result "0-1"]
[WhiteElo "2106"]
[BlackElo "2240"]

1.e4 c5 2.Nf3 Nc6 3.d4 cxd4 4.Nxd4 Nf6 5.Nc3 d6 6.Bg5 e6 7.Qd2 Be7 8.O-O-O O-O
9.f4 Nxd4 10.Qxd4 Qa5 11.Bd3 h6 12.Bh4 e5 13.fxe5 dxe5 14.Qa4 Qxa4 15.Nxa4 Bg4
16.Rdf1 Rac8 17.Nc3 Be6 18.Kb1 Rfd8 19.Bg3 Nd7 20.Nd5 Bd6 21.c4 a5 22.a4 f6
23.b3 Bc5 24.Be1 b6 25.Bc2 Kf7 26.Bc3 Bd6 27.Bd2 Bxd5 28.cxd5 Rc7 29.Re1 Bb4
30.Bxb4 axb4 31.Bd3 Rc3 32.Bc2 Nc5 33.Kb2 Rc8 34.Re2 Nb7 35.Rd1 Nd6 36.Ra1 R8c5
37.Rd1 Ke7 38.Bd3 Nb7 39.Rc2 Kd6 40.Bc4 Re3 41.Re2 Rxe2+ 42.Bxe2 Rc3 43.Rd3 Rxd3
44.Bxd3 Kc5 45.Kc2 Kd4 46.Kd2 h5 47.g3 Nd6 48.Bc2 g6 49.Bd3 f5 50.exf5 gxf5
51.Be2 Ne4+ 52.Kc2 Kxd5 53.Bxh5 Nc5 54.Bf7+ Kd6 55.Kd2 Ke7 56.Bd5 Kf6 57.Ke3 Kg5
58.h3 Kf6 59.Kf3 e4+ 60.Kf4 Nd3+ 61.Ke3 Ke5 62.Bc4 f4+ 63.gxf4+ Nxf4 64.Bf1 Nd5+
65.Kf2 Kf4 66.Bc4 Ne3 67.Be2 Nf5 68.Bc4 e3+ 69.Ke2 Nd4+ 70.Kd3 Nf3 71.Be6 Nd4
72.Bc4 Nc6 73.Bd5 Ne7 74.Bc4 Kf3 75.h4 Nc6 76.Ba6 Na5 77.Kc2 e2 78.Kd2 Nxb3+
79.Ke1 Nd4 80.Bxe2+ Nxe2 81.Kd2 Nf4 82.h5 Nxh5 83.Kd3 Nf4+ 84.Kc4 Nd5  0-1

[Event "113th US Open 2012"]
[Site "Vancouver USA"]
[Date "2012.08.11"]
[Round "8"]
[White "Mo,Kevin"]
[Black "Gurevich,D"]
[Result "0-1"]
[WhiteElo "2243"]
[BlackElo "2468"]

1.e4 c5 2.Nf3 d6 3.d4 cxd4 4.Nxd4 Nf6 5.Nc3 Nc6 6.Bg5 e6 7.Qd2 Be7 8.O-O-O Nxd4
9.Qxd4 a6 10.f4 O-O 11.Be2 b5 12.e5 dxe5 13.Qxd8 Bxd8 14.fxe5 Nd7 15.Bxd8 Rxd8
16.Bf3 Ra7 17.Rhe1 Rf8 18.Rd4 Rc7 19.a4 Rc5 20.axb5 axb5 21.Be2 Rxe5 22.Nxb5 Nf6
23.Nd6 g5 24.c4 Bd7 25.b4 Ra8 26.b5 Ra2 27.Kd1 Kf8 28.g3 Ke7 29.Rd3 h5 30.h3 Rb2
31.Nxf7 Rf5 32.Nd6 Rf2 33.c5 Bxb5 34.Nxb5 Rxb5 35.Rc3 Ne4 36.Re3 Rb1+  0-1

[Event "FSIMA August 2012"]
[Site "Budapest HUN"]
[Date "2012.08.13"]
[Round "10.5"]
[White "Tesik,C"]
[Black "Mahmud,S"]
[Result "1-0"]
[WhiteElo "2347"]
[BlackElo "2289"]

1.e4 c5 2.Nf3 Nc6 3.d4 cxd4 4.Nxd4 Nf6 5.Nc3 d6 6.Bg5 e6 7.Qd2 a6 8.O-O-O Bd7
9.f4 b5 10.Bxf6 gxf6 11.Kb1 Qb6 12.Nce2 h5 13.g3 Rc8 14.Nxc6 Bxc6 15.Bg2 Qf2
16.Rhg1 h4 17.Rdf1 Qc5 18.Nd4 hxg3 19.hxg3 Ba8 20.Bf3 Qc4 21.Re1 Be7 22.Rh1 Rxh1
23.Rxh1 Bd8 24.a3 Bb6 25.Nxb5 axb5 26.Qxd6 Qxc2+ 27.Ka1 Qc1+ 28.Rxc1 Rxc1+
29.Ka2 Bc6 30.Bh5 Bc7 31.Qxe6+ Kd8 32.Qxf6+ Kc8 33.Bxf7  1-0

[Event "FSIMB August 2012"]
[Site "Budapest HUN"]
[Date "2012.08.13"]
[Round "10.4"]
[White "Espinoza Palomino,W"]
[Black "Nguyen Huynh Minh Huy"]
[Result "1/2-1/2"]
[WhiteElo "2242"]
[BlackElo "2441"]

1.e4 c5 2.Nf3 Nc6 3.d4 cxd4 4.Nxd4 Nf6 5.Nc3 d6 6.Bg5 Bd7 7.Qd2 Rc8 8.f4 a6
9.O-O-O e6 10.Nf3 h6 11.Bh4 Qa5 12.Kb1 Rd8 13.Qe1 Bc8 14.e5 dxe5 15.Rxd8+ Nxd8
16.Nxe5 Bb4 17.Nc4 Qc7 18.a3 Be7 19.Qe5 Qxe5 20.fxe5 Nd5 21.Nxd5 exd5 22.Nd6+ Bxd6
23.exd6 Be6 24.Be2 Kd7 25.Rd1 b5 26.a4 Kc6 27.axb5+ axb5 28.Rd3 Kxd6 29.Bg3+ Ke7
30.Rc3 Bf5 31.Rc5 Be4 32.Bf3 Ne6  1/2-1/2

[Event "Stare Mesto Open 2012"]
[Site "Stare Mesto CZE"]
[Date "2012.08.13"]
[Round "5.15"]
[White "Balazec,L"]
[Black "Rabatin,J"]
[Result "0-1"]
[WhiteElo "2004"]
[BlackElo "2199"]

1.e4 c5 2.Nf3 Nc6 3.d4 cxd4 4.Nxd4 Nf6 5.Nc3 d6 6.Bg5 e6 7.Bb5 Bd7 8.Bxc6 bxc6
9.Qf3 Qb6 10.O-O-O Be7 11.Nb3 a5 12.a4 Rb8 13.Bxf6 gxf6 14.e5 fxe5 15.Ne4 c5
16.Nf6+ Bxf6 17.Qxf6 Rg8 18.Qh4 d5 19.Qxh7 Rf8 20.Rhe1 c4 21.Rxe5 cxb3 22.Rdxd5 Qxf2
23.Rxa5 Qf4+ 24.Kd1 Bxa4 25.cxb3 Rd8+ 26.Ke1 Bxb3 27.Qh5 Rd1+ 28.Qxd1 Bxd1
29.Kxd1 Ke7 30.Ke2 Rd8 31.Re3 Qc4+ 32.Kf3 Qc6+ 33.Kf4 Qc7+  0-1

[Event "Husek Vienna Open A"]
[Site "Vienna AUT"]
[Date "2012.08.13"]
[Round "1"]
[White "Vasilescu,Vic"]
[Black "Stanec,N"]
[Result "1-0"]
[WhiteElo "2085"]
[BlackElo "2528"]

1.e4 c5 2.Nf3 d6 3.d4 cxd4 4.Nxd4 Nf6 5.Nc3 Nc6 6.Bg5 e6 7.Qd2 a6 8.O-O-O Bd7
9.f3 Be7 10.h4 O-O 11.g4 b5 12.Nxc6 Bxc6 13.Ne2 Rc8 14.Nd4 Bb7 15.Kb1 Re8
16.Be3 Nd7 17.g5 d5 18.h5 dxe4 19.g6 Ne5 20.f4 Nf3 21.gxf7+ Kxf7 22.Qe2 Qc7
23.Bh3 Bf6 24.f5 exf5 25.Bxf5 Rcd8 26.c3 Kg8 27.Ne6 Rxd1+ 28.Rxd1 Qe5 29.Nc5 Qxf5
30.Nxb7 Qxh5 31.Nd6 Rd8 32.Qc2 Ne5 33.Rd5 Qh1+ 34.Bc1 Nd3 35.Rxd3 exd3 36.Qb3+  1-0

[Event "Miguel Najdorf Open A"]
[Site "Warsaw POL"]
[Date "2012.08.14"]
[Round "9.11"]
[White "Nasuta,G"]
[Black "Goslawski,M"]
[Result "1-0"]
[WhiteElo "2275"]
[BlackElo "2121"]

1.e4 c5 2.Nf3 Nc6 3.d4 cxd4 4.Nxd4 Nf6 5.Nc3 d6 6.Bg5 Bd7 7.Qd2 Rc8 8.Nxc6 Rxc6
9.f3 a6 10.O-O-O Qa5 11.h4 h5 12.Kb1 Be6 13.Nd5 Qxd2 14.Rxd2 Nd7 15.Nf4 Bc4
16.Bxc4 Rxc4 17.Nd5 e6 18.Ne3 Rc6 19.Rhd1 Ne5 20.Bf4 f6 21.b3 b5 22.c4 Be7
23.cxb5 axb5 24.Nc2 Kd7 25.Nd4 Rc5 26.Be3 Rc3 27.Bg1 Rb8 28.Kb2 Rcc8 29.f4 Nc6
30.Ne2 f5 31.Bc5 Bf6+ 32.Kb1 Ke8 33.Bxd6 Rb7 34.Rc2 Na7 35.exf5 Rxc2 36.Kxc2 exf5
37.Nd4 Bxd4 38.Rxd4 Nc6 39.Rd2 Ra7 40.a3 Kf7 41.Bc5 Rc7 42.b4 Nb8 43.Rd5 g6
44.Kb3 Nd7 45.Bd4 Ke6 46.Rxb5  1-0

[Event "2nd Metropolitan International"]
[Site "Los Angeles USA"]
[Date "2012.08.16"]
[Round "4"]
[White "Adamson,R"]
[Black "Vibbert,Sean"]
[Result "1/2-1/2"]
[WhiteElo "2324"]
[BlackElo "2240"]

1.e4 c5 2.Nf3 Nc6 3.d4 cxd4 4.Nxd4 Nf6 5.Nc3 d6 6.Bg5 e6 7.Qd2 Be7 8.O-O-O Nxd4
9.Qxd4 O-O 10.f4 Qa5 11.Bc4 Bd7 12.e5 dxe5 13.fxe5 Bc6 14.Bd2 Nd7 15.Nd5 Qd8
16.Nxe7+ Qxe7 17.Rhe1 Rfd8 18.Qg4 Nf8 19.Bd3 Rxd3 20.cxd3 Qc5+ 21.Kb1 Qd5
22.Bb4 Qxg2 23.Qxg2 Bxg2 24.Bxf8 Kxf8 25.Rd2 Bc6 26.Rc1 Rd8 27.Rc5 h5 28.Kc2 g6
29.b4 a6 30.Kb3 Kg7 31.a4 g5 32.b5  1/2-1/2

[Event "46th Mislata Magistral"]
[Site "Mislata ESP"]
[Date "2012.08.17"]
[Round "7.1"]
[White "Garcia Martinez,S"]
[Black "Palencia,W"]
[Result "1/2-1/2"]
[WhiteElo "2319"]
[BlackElo "2289"]

1.e4 c5 2.Nf3 Nc6 3.d4 cxd4 4.Nxd4 Nf6 5.Nc3 d6 6.Bg5 Nd7 7.Nb3 h6 8.Be3 a6
9.a4 b6 10.f4 e6 11.g3 Be7 12.Bg2 Qc7 13.O-O Rb8 14.Nd4 Na5 15.Nce2 Nf6 16.Qd3 Ng4
17.Bc1 Bb7 18.b3 O-O 19.Bb2 Rfd8 20.c4 Bf8 21.h3 Nf6 22.Rac1 Qe7 23.b4 Nc6
24.Nxc6 Bxc6 25.Nd4 Ba8 26.Qe2 d5 27.cxd5 exd5 28.e5 Ne4 29.Kh2 Qxb4 30.e6 fxe6
31.Nxe6 Rd7 32.Be5 Re8 33.Nc7 Red8 34.Ne6 Re8 35.Nc7 Red8 36.Ne6 Re8  1/2-1/2

[Event "LBV Open A 2012"]
[Site "Roosendaal NED"]
[Date "2012.08.17"]
[Round "2.23"]
[White "Haver,Daan"]
[Black "Van Osch,Mees"]
[Result "0-1"]
[WhiteElo "1977"]
[BlackElo "2071"]

1.e4 c5 2.Nf3 d6 3.d4 cxd4 4.Nxd4 Nf6 5.Nc3 Nc6 6.Bg5 Bd7 7.Qd2 Rc8 8.Be2 Nxd4
9.Qxd4 Qa5 10.Bd2 a6 11.O-O Qc5 12.Qxc5 Rxc5 13.Be3 Rc8 14.a4 g6 15.f4 Bg7
16.h3 Rxc3 17.bxc3 Nxe4 18.Bd4 e5 19.fxe5 dxe5 20.Bd3 Bc6 21.Rae1 f5 22.g4 O-O
23.Bb6 Nd2 24.Bc5 Rc8 25.gxf5 Nxf1 26.Rxf1 Bxa4 27.Bb4 gxf5 28.Bxf5 Rd8 29.Ba5 Rf8
30.c4 Bh6 31.Bc3 Be3+ 32.Kg2 Bc6+ 33.Kh2 Bd4 34.Bxd4 exd4 35.Bxh7+ Kg7 36.Bf5 a5
37.Rg1+ Kf6 38.Bd3 a4 39.Ra1 Rg8 40.h4 Ke5 41.h5 Rg5 42.Bg6 Kf4 43.Rd1 Ke5
44.Rd3 Be4 45.Ra3 Rg2+ 46.Kh3 Rxc2 47.Rxa4 d3 48.Ra8 d2 49.Rd8 Rc3+ 50.Kg4 Rd3  0-1

[Event "14th Sants Open A"]
[Site "Barcelona ESP"]
[Date "2012.08.18"]
[Round "2.8"]
[White "Ibarra Jerez,JC"]
[Black "Guerrero Sanmarti,R"]
[Result "1-0"]
[WhiteElo "2540"]
[BlackElo "2258"]

1.e4 c5 2.Nf3 d6 3.d4 cxd4 4.Nxd4 Nf6 5.Nc3 Nc6 6.Bg5 e6 7.Qd2 a6 8.O-O-O h6
9.Be3 b5 10.f3 Bd7 11.Kb1 Ne5 12.Bd3 Rb8 13.Rhe1 Qc7 14.Ka1 b4 15.Nce2 d5
16.Bf4 Bd6 17.Bxe5 Bxe5 18.f4 Bxd4 19.Nxd4 dxe4 20.Bxe4 Nxe4 21.Rxe4 O-O
22.Re2 a5 23.Qe3 a4 24.Red2 Qc5 25.Qe5 Rfc8 26.Nf3 Qxe5 27.Nxe5 Bb5 28.b3 f6
29.Nf3 a3 30.Kb1 Bc6 31.Nd4 Bd5 32.Nf5 Kf8 33.Ne3 Bc6 34.Rd4 Be8 35.Re4 Bg6
36.Rxe6 Kf7 37.Red6 Be4 38.R6d4 f5 39.Nc4 Kg8 40.R1d2 Re8 41.Nd6 Re6 42.Re2 Bd5
43.Rxe6 Bxe6 44.Kc1 Kf8 45.g3 Ke7 46.Nc4 Rd8 47.Rxd8 Kxd8 48.Ne5  1-0

[Event "2nd Split Open 2012"]
[Site "Split CRO"]
[Date "2012.08.18"]
[Round "8.14"]
[White "Torres Sanchez,J"]
[Black "Susak,Z"]
[Result "1-0"]
[WhiteElo "2278"]
[BlackElo "2203"]

1.e4 c5 2.Nf3 Nc6 3.d4 cxd4 4.Nxd4 Nf6 5.Nc3 d6 6.Bg5 e6 7.Qd2 a6 8.O-O-O Bd7
9.f3 Qc7 10.Kb1 Be7 11.g4 b5 12.Nxc6 Bxc6 13.Bd3 O-O 14.Ne2 Rac8 15.h4 Bb7
16.Nd4 Kh8 17.h5 d5 18.e5 Qxe5 19.Be3 Qc7 20.g5 Nd7 21.g6 Nc5 22.h6 fxg6
23.hxg7+ Kxg7 24.b4 e5 25.Qh2 Rh8 26.bxc5 exd4 27.Bxd4+ Bf6 28.Qh4 Bxd4 29.Qxd4+ Kf7
30.Bxg6+ hxg6 31.Rxh8 Rxh8 32.Qxh8 Ke6 33.Re1+ Kf5 34.Qf8+  1-0

[Event "12th ch-Euro Seniors"]
[Site "Kaunas LTU"]
[Date "2012.08.19"]
[Round "2.16"]
[White "Malachi,A"]
[Black "Levchenkov,V"]
[Result "1/2-1/2"]
[WhiteElo "2127"]
[BlackElo "2278"]

1.e4 c5 2.Nf3 Nc6 3.d4 cxd4 4.Nxd4 Nf6 5.Nc3 d6 6.Bg5 e6 7.Qd2 Be7 8.Bxf6 gxf6
9.O-O-O a6 10.f4 Qb6 11.Be2 Qxd4 12.Qxd4 Nxd4 13.Rxd4 Bd7 14.f5 Rc8 15.Bh5 O-O
16.Bg4 Rc5 17.Rf1 Rfc8 18.Rf3 b5 19.Rg3 Kh8 20.Bh5 Rf8 21.Rf3  1/2-1/2

[Event "32nd Bratto Masters"]
[Site "Bratto ITA"]
[Date "2012.08.20"]
[Round "3.4"]
[White "Das,Arg"]
[Black "Jerez Perez,A"]
[Result "1/2-1/2"]
[WhiteElo "2479"]
[BlackElo "2412"]

1.e4 c5 2.Nf3 d6 3.d4 Nf6 4.Nc3 cxd4 5.Nxd4 Nc6 6.Bg5 Bd7 7.Nb3 h6 8.Bxf6 gxf6
9.Bd3 Rg8 10.g3 Ne5 11.f4 Nxd3+ 12.Qxd3 Bc6 13.O-O-O e6 14.Rhe1 Be7 15.Nb5 Bxb5
16.Qxb5+ Qd7 17.Qh5 Bf8 18.Qa5 Qd8 19.Qc3 Be7 20.Kb1 Rc8 21.Qe3 Qc7 22.Rd2 a5
23.Nd4 Qb6 24.c3 a4 25.f5 e5 26.Nc2 Qxe3 27.Nxe3 Kd7 28.Nd5 Rc6 29.b3 axb3
30.axb3 Ra6 31.Ra2 Rxa2 32.Kxa2 h5 33.Ne3 Bd8 34.b4 Kc6 35.Nd5 h4 36.Re3 hxg3
37.Rxg3 Rh8 38.Rg2 b5 39.Kb3 Rh4 40.Re2 Rh3 41.Kc2 Rh4 42.Kd3 Rh3+ 43.Kd2 Rh4
44.Ke3 Rh3+ 45.Kd2 Rh4 46.Ke3 Rh3+ 47.Kd2  1/2-1/2

[Event "2nd Isthmia Open A"]
[Site "Korinthia GRE"]
[Date "2012.08.20"]
[Round "4.8"]
[White "Firman,N"]
[Black "Maghalashvili,Da"]
[Result "1-0"]
[WhiteElo "2535"]
[BlackElo "2482"]

1.e4 c5 2.Nf3 d6 3.d4 cxd4 4.Nxd4 Nf6 5.Nc3 Nc6 6.Bg5 e6 7.Qd2 Qb6 8.Bxf6 gxf6
9.Nb3 Bd7 10.O-O-O O-O-O 11.f4 Kb8 12.Be2 h5 13.Rhf1 Na5 14.Kb1 Nxb3 15.axb3 Qc5
16.Rf3 Be7 17.Rh3 h4 18.Bg4 Bc6 19.Rd3 Qa5 20.Qe2 Bb5 21.Nxb5 Qxb5 22.Bh3 Rdg8
23.R1d2 Qc5 24.Rd4 Re8 25.Rd1 Qh5 26.Bg4 Qc5 27.b4 Qb6 28.c3 Bf8 29.f5 Qc7
30.Qf3 Qe7 31.Qh3 exf5 32.exf5 Qe3 33.Bf3 Qf2 34.Ka2 Be7 35.R1d2 Qf1 36.Be2 Qg1
37.Bb5 Reg8 38.Bc4 Rg7 39.Bd5 Qf1 40.Rxh4 Qa6+ 41.Kb3 Rc8 42.Rh8 Bf8 43.Qf3 Qb6
44.h4 a5 45.Rd4 Qb5 46.h5 a4+ 47.Ka3 Qd7 48.Rc4 Re8 49.Re4 Rc8 50.h6 Rg5
51.g4  1-0

[Event "11th Lichtenberger Sommer 2012"]
[Site "Berlin GER"]
[Date "2012.08.21"]
[Round "4.36"]
[White "Ruehrmund,D"]
[Black "Barisch,Florian"]
[Result "1-0"]
[WhiteElo "2024"]
[BlackElo "1979"]

1.e4 c5 2.Nf3 Nc6 3.d4 cxd4 4.Nxd4 Nf6 5.Nc3 d6 6.Bg5 e6 7.Qd2 a6 8.O-O-O Bd7
9.f3 h6 10.Be3 Qc7 11.Kb1 O-O-O 12.Qf2 Be7 13.Nb3 Rdf8 14.Na4 Kb8 15.Nb6 Bc8
16.Nd2 Ne5 17.h3 Qc6 18.Ndc4 Nfd7 19.Be2 Nxb6 20.Nxb6 Bd8 21.f4 Nd7 22.Nxc8 Kxc8
23.Rd3 Bc7 24.Rc3 Qxe4 25.Bb6 Nc5 26.Bxc5 dxc5 27.Qxc5 Qxf4 28.g3  1-0